Family living / (Record no. 21524)
[ view plain ]
| 000 -LEADER | |
|---|---|
| fixed length control field | 00308nam a2200133Ii 4500 |
| 020 ## - INTERNATIONAL STANDARD BOOK NUMBER | |
| ISBN | 03114915362 |
| 040 ## - CATALOGING SOURCE | |
| Transcribing agency | NIE |
| 082 ## - DEWEY DECIMAL CLASSIFICATION NUMBER | |
| Classification number | NTC FAM 1994 C144 Or. |
| 100 1# - MAIN ENTRY--AUTHOR NAME | |
| Personal name | Duvall, Evelyn Millis, |
| 245 10 - TITLE STATEMENT | |
| Title | Family living / |
| 300 ## - PHYSICAL DESCRIPTION | |
| Number of Pages | xxi, 410 pages : |
| Other physical details | illustrations |
| 650 #0 - SUBJECT ADDED ENTRY--TOPICAL TERM | |
| Topical Term | Families. |
| 942 ## - ADDED ENTRY ELEMENTS (KOHA) | |
| Koha item type | ADB |
| 952 ## - LOCATION AND ITEM INFORMATION (KOHA) | |
| Withdrawn status [LOCAL, KOHA] | 0 |
| Permanent Location | Date acquired | Koha item type | Lost status | Shelving location | Barcode | Current Location | Full call number |
|---|---|---|---|---|---|---|---|
| Library Block C | 2023-07-05 | ADB | C144 | a16329 | Library Block C | NTC FAM 1994 C144 Or. |